02376cam a22003375a 45000010009000000050017000090080041000260100017000670200024000840200021001080350024001290400062001530820019002152450083002342500012003172600043003293000037003724900036004095000025004455040031004705050603005015200606011046500039017106500065017496510010018146530024018247000024018489420008018729990017018809520141018971720045820201128023859.0120308t2012 njua frb 001 0 eng d a 2012009217 a9780470916629 (hpk) a0470916621 (hpk) a(OCoLC)ocn778326751 aDLCbengcDLCdYDXdUKMGBdBDXdYDXCPdBWXdDLCdEG-ScBUE04a657.3bINT22200aInternational financial statement analysis /cThomas R. Robinson ... [et al.]. a2nd ed. aHoboken :bJohn Wiley & Sons,cc.2012. axxvii, 1009 p. :bill. ;c26 cm.0 aCFA institute investment series aIndex : p. 989-1009. aBibliography : p. 981-982. aInternational Financial Statement Analysis; Contents; Foreword; Preface; Acknowledgments; About the CFA Institute Investment Series; Chapter 1: Financial Statement Analysis: An Introduction; Learning Outcomes; 1. Introduction; 2. Scope of Financial Statement Analysis; 3. Major Financial Statements and Other Information Sources; 3.1. Financial Statements and Supplementary Information; 3.2. Other Sources of Information; 4. Financial Statement Analysis Framework; 4.1. Articulate the Purpose and Context of Analysis; 4.2. Collect Data; 4.3. Process Data; 4.4. Analyze/Interpret the Processed Data. aUp-to-date information on using financial statement analysis to successfully assess company performance, from the seasoned experts at the CFA Institute Designed to help investment professionals and students effectively evaluate financial statements in today's international and volatile markets, amid an uncertain global economic climate, International Financial Statement Analysis, Second Edition compiles unparalleled wisdom from the CFA in one comprehensive volume. Written by a distinguished team of authors and experienced contributors, the book provides complete coverage of the key financial f. 7aFinancial statements.2BUEsh94982 7aInternational business enterprisesxAccounting.2BUEsh93016 2BUEsh bBUSADMcOctober20161 aRobinson, Thomas R. 2ddc c22610d22582 00102ddc40708AcademicaMAINbMAINc1STd2016-10-16ePurchaseg684.00h9154l0o657.3 INTp000034108r2025-07-15 00:00:00v855.00yBB